02815nam a2200301 i 4500003000900000005001700009007000300026008004100029020001800070040003000088041000800118082002200126100004400148245010600192264004900298300006000347336002700407337003300434338002800467490005700495500007500552500004400627504003800671505157400709600007702283650004002360650011302400DO-SdBNP20250307073711.0ta220513e2021 dr ||||gr|||| 001 edspa d a9789945920123 aDO-SdBNPbspacBNPHUerda hspa 4a928.61bP438p2221 aPérez, Odalís, d1952-eautor4aut.10aPedro Henríquez Ureña:bhumanidades críticas y democracia del pensamiento /cOdalis G. Pérez. 1aSanto Domingo :bUniversitaria, UASD,c2021. a271 páginas :bilustraciones, fotografías ;c23 cm. atextobtxt2rdacontent asin mediación2nbrdamedia avolumenbnc2rdacarrier0 aColección Universidad Autónoma de Santo Domingo. aIncluye datos biográficos del autor en las solapas de las cubiertas. aIncluye índice onomástico, 261- 271 aBibliografía : página 251-260 aPresentación, 9 -- Introducción, 15 -- Pedro Henríquez Ureña: entre la memoria y el presente, 21 -- Pedro Henríquez Ureña: tensiones e investigaciones musicales, 33 -- Pedro Henríquez Ureña: el arte en la América continental, 39 -- Estética y cultura en Pedro Henríquez Ureña, 45 -- Historia cultural y crítica de arte en Pedro Enríquez Ureña, 51 -- Cátedra de Arte y Cultura Pedro Henríquez Ureña, 57 -- Historia cultural y artística de la América hispánica y continental, 67 -- Pedro Henríquez Ureña y la Catedral de Santo Domingo, 79 -- Hostos en Pedro Henríquez Ureña, 93 -- Homenaje de la Universidad de Santo Domingo, 103 -- Pedro Henríquez Ureña y la ocupación norteamericana de 1916, 113 -- Tensiones escritas y orales: Literatura y cultura en República Dominicana, 119 -- Pedro Henríquez Ureña: cultura e historiografía en la América continental, 129 -- Pedro Henríquez Ureña y la lingüística romance, 139 -- La lengua como historia, 147 -- Conferencia Pedro Henríquez Ureña: aportes culturales, políticos, filológicos y educativos, 153 -- Orientaciones, ideales y fundaciones democráticas en Pedro Henríquez Ureña, 193 -- Pedro Henríquez Ureña y el arte del ensayo, 209 -- Pedro Henríquez Ureña y las artes plásticas, 221 -- Pedro Henríquez y los estudios de lenguas indígenas, 227 -- Pedro Henríquez Ureña: una dramaturgia de voces, 233 -- Pedro Henríquez Ureña: crítico de arte y esteta, 245 -- Bibliografía, 251 -- Índice onomástico, 261.10aHenríquez Ureña, Pedro,d1884-1946 xCrítica e interpretación  aLiteratura zRepública Dominicana 4aHenríquez Ureña, Pedro, 1884-1946vCrítica LiterariaxColecciones de EscritoszRepública Dominicana